[Event "España ch Universitario 2007"]
[Site "Cartagena ESP"]
[Date "2007.05.10"]
[Round "9.27"]
[White "Paredes Cordo, Jacobo Borja"]
[Black "Alvarez Lopez, Carlos"]
[Result "1/2-1/2"]
[WhiteElo "2211"]
[BlackElo "1879"]
[PlyCount "31"]
[EventDate "2007.05.06"]
[EventType "swiss"]
[EventRounds "9"]
[EventCountry "ESP"]
[Source "lmi"]
[SourceDate "2007.05.06"]

1. e4 e6 2. d4 d5 3. Nd2 Nf6 4. e5 Nfd7 5. f4 c5 6. c3 Nc6 7. Ndf3 Qb6 8. g3
cxd4 9. cxd4 Bb4+ 10. Kf2 f6 11. Bh3 fxe5 12. fxe5 Ndxe5 13. Kg2 Nxf3 14. Nxf3
O-O 15. Bf4 Ne7 16. Qe2 1/2-1/2

[Event "España ch Universitario 2007"]
[Site "Cartagena ESP"]
[Date "2007.05.10"]
[Round "9.29"]
[White "Antoli Royo, Joaquin Miguel"]
[Black "Pita-Romero Rodriguez, Rafael"]
[Result "0-1"]
[WhiteElo "2356"]
[BlackElo "2135"]
[PlyCount "50"]
[EventDate "2007.05.06"]
[EventType "swiss"]
[EventRounds "9"]
[EventCountry "ESP"]
[Source "lmi"]
[SourceDate "2007.05.06"]

1. e4 e5 2. Bc4 Nc6 3. Nc3 Bc5 4. Qg4 g6 5. Qg3 d6 6. Nge2 Be6 7. d3 Bxc4 8.
dxc4 Nb4 9. O-O Nxc2 10. Rb1 Nd4 11. b4 Nxe2+ 12. Nxe2 Bd4 13. Nxd4 exd4 14.
Rd1 Qe7 15. Rxd4 Qe5 16. Qe3 Nf6 17. Bb2 Ng4 18. Qh3 Qf4 19. Rf1 Ne5 20. g3 Qf3
21. c5 Qe2 22. Ba1 Nf3+ 23. Kg2 Nxd4 24. Qh4 Qf3+ 25. Kh3 Ne6 0-1

[Event "España ch Universitario 2007"]
[Site "Cartagena ESP"]
[Date "2007.05.10"]
[Round "9.30"]
[White "Pascual Palomo, Lucia"]
[Black "Rada Equiza, Miguel"]
[Result "0-1"]
[WhiteElo "2112"]
[BlackElo "2261"]
[PlyCount "36"]
[EventDate "2007.05.06"]
[EventType "swiss"]
[EventRounds "9"]
[EventCountry "ESP"]
[Source "lmi"]
[SourceDate "2007.05.06"]

1. e4 e5 2. Nf3 Nc6 3. d4 exd4 4. Nxd4 Bc5 5. Be3 Bb6 6. Bc4 d6 7. O-O Nf6 8.
f3 O-O 9. Nc3 Ne5 10. Bb3 c5 11. Na4 cxd4 12. Nxb6 Qxb6 13. Bxd4 Qd8 14. f4 Nc6
15. e5 dxe5 16. fxe5 Qxd4+ 17. Qxd4 Nxd4 18. exf6 Nxb3 0-1